000 01003nam a2200241Ia 4500
005 20250622124037.0
008 250617s9999||||xx |||||||||||||| ||ara||
017 _a2024/32116
_bمصر. دار الكتب
020 _a9789778995602
082 0 4 _a"371,33"
_bآ ا
100 0 _aآمال جمعة عبد الفتاح محمد
245 1 0 _aاستراتيجيات علاج قضايا الأمن السيبرانى :
_bرؤية تربوية معاصرة /
_cإعداد آمال جمعة عبد الفتاح محمد
250 _aط1
260 3 _aالقاهرة :
_b"المركز الأكاديمى العربى للنشر والتوزيع،"
_c2025.
300 _a255ص ؛
_b
_c24سم.
650 _aالتخطيط التربوى
650 _aالتعليم
_x الأمن السيبرانى
650 _aالتعليم
_x مناهج
650 _aالتعليم
_x وسائل سمعية وبصرية
650 _aأمن البيانات
942 _cBK
999 _c67667
_d67667